Museo de la acuarela (Record no. 10058)

MARC details
000 -CABECERA
campo de control de longitud fija 00753nam a2200229 a 4500
001 - NÚMERO DE CONTROL
campo de control BRL_1246
005 - FECHA Y HORA DE LA ÚLTIMA TRANSACCIÓN
campo de control 20190320211116.0
008 - DATOS DE LONGITUD FIJA--INFORMACIÓN GENERAL
campo de control de longitud fija 041213s1968----mx-ae#####---#000-0#spa-#
041 ## - CÓDIGO DE LENGUA
Código de lengua del texto/banda sonora o título independiente spa
044 ## - CÓDIGO DEL PAÍS DE LA ENTIDAD EDITORA/PRODUCTORA
Código MARC del país mx
050 #4 - SIGNATURA TOPOGRÁFICA DE LA BIBLIOTECA DEL CONGRESO
Número de clasificación N910
Número de documento/Ítem .M87 1968
245 10 - MENCIÓN DE TÍTULO
Título Museo de la acuarela
Mención de responsabilidad, etc. [texto por Alfredo guati Rojo]
260 ## - PUBLICACIÓN, DISTRIBUCIÓN, ETC.
Lugar de publicación, distribución, etc. México
Nombre del editor, distribuidor, etc. Comité Organizador de los Juegos de la xix 0limpiada
Fecha de publicación, distribución, etc. 1968
300 ## - DESCRIPCIÓN FÍSICA
Extensión 36 p.
Otras características físicas il. (algunas a color), planos
Dimensiones 22 cm.
500 ## - NOTA GENERAL
Nota general Au1416
610 24 - PUNTO DE ACCESO ADICIONAL DE MATERIA--NOMBRE DE ENTIDAD CORPORATIVA
Nombre de entidad corporativa o nombre de jurisdicción como elemento de entrada Museo de la acuarela (México)
9 (RLIN) 26267
650 14 - PUNTO DE ACCESO ADICIONAL DE MATERIA--TÉRMINO DE MATERIA
Término de materia o nombre geográfico como elemento de entrada Acuarela
Subdivisión general Galerías y museos
Subdivisión geográfica México
9 (RLIN) 26268
700 1# - PUNTO DE ACCESO ADICIONAL--NOMBRE DE PERSONA
Nombre de persona Guati Rojo, Alfredo
9 (RLIN) 26269
710 2# - PUNTO DE ACCESO ADICIONAL--NOMBRE DE ENTIDAD CORPORATIVA
Nombre de entidad corporativa o nombre de jurisdicción como elemento de entrada Comite Organizador de los Juegos de la XIX Olimpiada (Mexico)
9 (RLIN) 26165
902 ## - CATALOGADOR
Iniciales GRL
942 ## - ELEMENTOS DE PUNTO DE ACCESO ADICIONAL (KOHA)
Fuente del sistema de clasificación o colocación Library of Congress Classification
Tipo de ítem Koha Libros
Holdings
Estado de retiro Estado de pérdida Estado dañado No para préstamo Localización permanente Ubicación/localización actual Fecha de adquisición Número de inventario Total de préstamos Signatura topográfica completa Código de barras Fecha visto por última vez Precio válido a partir de Tipo de ítem Koha
El ejemplar forma parte de la colección y puede ser consultado según las políticas vigentes.       Biblioteca Centro de Estudios Ruth D. Lechuga Biblioteca Centro de Estudios Ruth D. Lechuga 04/12/2013 Au1416   N910 .M87 1968 (Au1416) GRL01363 22/03/2019 22/03/2019 Libros